Le comte Arthur de Gobineau (Record no. 89135)

MARC details
000 -LEADER
campo de control de longitud fija 00949nam a2200217 i 4500
001 - NÚMERO DE CONTROL
campo de control 89135
003 - IDENTIFICADOR DE NÚMERO DE CONTROL
campo de control ES-MaACL
005 - FECHA Y HORA DE LA ÚLTIMA TRANSACCIÓN
campo de control 20250809083426.0
007 - CAMPO FIJO DE DESCRIPCIÓN FÍSICA--INFORMACIÓN GENERAL
campo de control de longitud fija t|
008 - DATOS DE LONGITUD FIJA--INFORMACIÓN GENERAL
campo de control de longitud fija 050105s1924 fr ||||1| fre d
100 1# - ENTRADA PRINCIPAL--NOMBRE DE PERSONA
Nombre de persona Lange, Maurice.
9 (RLIN) 70021
245 13 - MENCIÓN DEL TÍTULO
Título Le comte Arthur de Gobineau
Resto del título : étude biographique et critique /
Mención de responsabilidad, etc. Maurice Lange,... ; précédée d'un portrait de Maurice Lange et d'une notice biographique par M. C. Pfister.
260 ## - PUBLICACIÓN, DISTRIBUCIÓN, ETC.
Lugar de publicación, distribución, etc. Strasbourg :
Nombre del editor, distribuidor, etc. Librairie Istra ;
Lugar de publicación, distribución, etc. Oxford :
Nombre del editor, distribuidor, etc. Oxford University Press,
Fecha de publicación, distribución, etc. 1924.
300 ## - DESCRIPCIÓN FÍSICA
Extensión XII, 291 p., 1 lám. ;
Dimensiones 25 cm.
490 1# - MENCIÓN DE SERIE
Mención de serie Publications de la Faculté des Lettres de l'Université de Strasbourg ;
Designación de volumen o secuencia Fascicule 22
600 14 - PUNTO DE ACCESO ADICIONAL DE MATERIA--NOMBRE DE PERSONA
Nombre de persona Gobineau, Arthur
Títulos y otros términos asociados al nombre comte de.
9 (RLIN) 147893
700 1# - ENTRADA AGREGADA--NOMBRE PERSONAL
Nombre de persona Pfister, Christian.
9 (RLIN) 91634
830 00 - PUNTO DE ACCESO ADICIONAL DE SERIE-TÍTULO UNIFORME
Título uniforme Publications de la Faculté des lettres de l'Université de Strasbourg
Designación de volumen o secuencia Fascicule 22
9 (RLIN) 184104
852 ## - LOCALIZACIÓN
Ubicación ES-MaACL
Número de control de estantería A-2185
Holdings
Estatus retirado Estado de pérdida Estado de daño No para préstamo Biblioteca de origen Biblioteca actual Ubicación en estantería Fecha de adquisición Fuente de adquisición Total de préstamos Signatura topográfica completa Código de barras Visto por última vez Precio de reemplazo Tipo de ítem Koha
        Biblioteca del Ateneo de Madrid Biblioteca del Ateneo de Madrid Sala Pecera Planta 1 17/01/2008     A-2185 1093093 23/02/2023 23/02/2023 Libro impreso